| 000 | 00477cam a2200181 4500 | ||
|---|---|---|---|
| 001 | D11671 | ||
| 008 | 090401t xxu||||| |||| 00| 0 eng d | ||
| 035 | _a(Sirsi) u99250 | ||
| 041 | _aeng | ||
| 050 | _a346.4104343 | ||
| 100 | _aTotty, P.G. | ||
| 245 | _aReceivership, bankruptcy and liquidation in relation to leased premises | ||
| 350 | _a0 | ||
| 520 | _aIn: The Blundell Memorial Lectures May 1977 | ||
| 700 | _aPriday, Christopher | ||
| 942 | _n0 | ||
| 948 | _c04/03/1997 | ||
| 999 |
_c99250 _d99250 |
||